[Event "MCRE_CF04"]
[Site "?"]
[Date "2005.??.??"]
[Round "?"]
[White "Fric, Pavel"]
[Black "Blecha, Miroslav"]
[Result "1-0"]
[WhiteElo "2000"]
[BlackElo "2200"]
[PlyCount "57"]
[EventDate "2005.??.??"]
[EventType "corr"]
[EventRounds "2"]
[SourceDate "2004.06.03"]

1. d4 Nf6 2. c4 c5 3. d5 e6 4. Nc3 exd5 5. cxd5 d6 6. Nf3 g6 7. e4 Bg7 8. h3
O-O 9. Bd3 a6 10. a4 Nbd7 11. O-O Nh5 12. Bg5 Bf6 13. Be3 Re8 14. Nd2 Ng7 15.
Qc2 b6 16. f4 Qe7 17. Nc4 Rb8 18. Rae1 Bb7 19. Qd2 Qf8 20. Bf2 Bxc3 21. Qxc3 f5
22. exf5 gxf5 23. Ne3 Nf6 24. Bh4 Ne4 25. Qc2 Qf7 26. g4 Qg6 27. Kh2 Qh6 28.
Bxe4 fxe4 29. Bg3 1-0

[Event "MCRE_CF04"]
[Site "?"]
[Date "2005.??.??"]
[Round "?"]
[White "Fric, Pavel"]
[Black "Houska, Jiri"]
[Result "1/2-1/2"]
[WhiteElo "2000"]
[BlackElo "2000"]
[PlyCount "118"]
[EventDate "2005.??.??"]
[EventType "corr"]
[EventRounds "2"]
[SourceDate "2004.06.03"]

1. e4 c5 2. Nf3 d6 3. d4 cxd4 4. Nxd4 Nf6 5. Nc3 g6 6. Be3 Bg7 7. f3 O-O 8. Qd2
Nc6 9. Bc4 Bd7 10. O-O-O Rc8 11. Bb3 Ne5 12. Kb1 Re8 13. h4 h5 14. Bg5 Rc5 15.
Bh6 Qa5 16. Bxg7 Kxg7 17. g4 hxg4 18. h5 Nxh5 19. f4 Nc4 20. Bxc4 Rxc4 21. Nb3
Qb6 22. f5 Rh8 23. Rdf1 g3 24. fxg6 fxg6 25. Qg5 Qd8 26. Rh4 Bc6 27. Rg4 Qe8
28. Rh1 Nf6 29. Rxh8 Qxh8 30. Qxg6+ Kf8 31. Rxg3 Bxe4 32. Nxe4 Rxe4 33. a3 Qh5
34. Qxh5 Nxh5 35. Rc3 b6 36. Rc7 a5 37. Nd2 Re1+ 38. Ka2 d5 39. Nf3 Re2 40. Nd4
Rg2 41. Nc6 Nf4 42. Kb3 Ne6 43. Rc8+ Kf7 44. Nd8+ Nxd8 45. Rxd8 Rd2 46. Rb8 e5
47. Rb7+ Ke6 48. Rxb6+ Kf5 49. Kc3 Rd1 50. b4 d4+ 51. Kb2 e4 52. Rb7 axb4 53.
axb4 Rh1 54. b5 Ke6 55. Rb8 Kd5 56. b6 e3 57. b7 Kc6 58. Re8 Kxb7 59. Kb3 Kc6
1/2-1/2

[Event "MCRE_CF04"]
[Site "?"]
[Date "2005.??.??"]
[Round "?"]
[White "Fric, Pavel"]
[Black "Janocko, Petr"]
[Result "1-0"]
[WhiteElo "2000"]
[BlackElo "2200"]
[PlyCount "104"]
[EventDate "2005.??.??"]
[EventType "corr"]
[EventRounds "2"]
[SourceDate "2004.06.03"]

1. e4 d5 2. exd5 Qxd5 3. Nc3 Qa5 4. d4 Nf6 5. Nf3 c6 6. Ne5 Bf5 7. Bc4 e6 8. g4
Bg6 9. h4 Nbd7 10. Nxd7 Nxd7 11. h5 Be4 12. Rh3 Bg2 13. Re3 Qc7 14. Rg3 Bd5 15.
Be2 Bd6 16. Nxd5 cxd5 17. Rg2 O-O-O 18. g5 e5 19. Be3 Rhe8 20. Qd2 exd4 21.
Qxd4 Bc5 22. Qxd5 Bxe3 23. fxe3 Nc5 24. Qf5+ Kb8 25. Qf4 Re5 26. Bg4 Ka8 27.
Rd1 Rde8 28. Kf1 Qe7 29. Rgd2 Rxg5 30. b4 Ne6 31. Bxe6 fxe6 32. Rd7 Qf8 33. Rf7
Qxf7 34. Qxf7 Rf5+ 35. Qxf5 exf5 36. Rd7 Rg8 37. c4 Kb8 38. Rf7 h6 39. Rxf5 g6
40. hxg6 Rxg6 41. a4 Rg4 42. Rf4 Rg7 43. Ke2 Rh7 44. c5 h5 45. Rh4 Kc7 46. Kd3
Kd7 47. b5 Ke6 48. Kd4 Rd7+ 49. Kc4 Rh7 50. a5 Rh8 51. b6 axb6 52. axb6 Kd7 1-0

[Event "MCRE_CF04"]
[Site "?"]
[Date "2005.??.??"]
[Round "?"]
[White "Houska, Jiri"]
[Black "Bednarik, Radovan"]
[Result "1-0"]
[WhiteElo "2000"]
[BlackElo "2201"]
[PlyCount "91"]
[EventDate "2005.??.??"]
[EventType "corr"]
[EventRounds "2"]
[SourceDate "2004.06.03"]

1. e4 d5 2. exd5 Nf6 3. d4 Nxd5 4. Nf3 Nc6 5. c4 Nb6 6. Be2 Bg4 7. d5 Bxf3 8.
gxf3 Ne5 9. f4 Ng6 10. Nc3 e6 11. dxe6 Qxd1+ 12. Kxd1 fxe6 13. Be3 Be7 14. Bd3
Rf8 15. Bxg6+ hxg6 16. b3 Nd7 17. Kc2 a6 18. Rag1 Kf7 19. Ne4 Rh8 20. Ng5+ Bxg5
21. fxg5 e5 22. Rd1 Ke6 23. h4 Raf8 24. Kc3 Rh5 25. Rd5 b6 26. b4 Rf5 27. a4
Rf7 28. a5 c6 29. Rd2 bxa5 30. bxa5 e4 31. Rd4 Nc5 32. Rd8 Rf3 33. Rg8 Rh7 34.
Rd1 Nd3 35. Re8+ Kf7 36. Rxe4 Nxf2 37. Rd7+ Kf8 38. Re6 Ng4 39. Rde7 Rxe3+ 40.
Rxe3 Nxe3 41. Rxe3 Kf7 42. Kd4 Rxh4+ 43. Kc5 Rg4 44. Re5 Rf4 45. Kxc6 Rxc4+ 46.
Kb6 1-0

[Event "MCRE_CF04"]
[Site "?"]
[Date "2005.??.??"]
[Round "?"]
[White "Houska, Jiri"]
[Black "Berko, Michal"]
[Result "1-0"]
[WhiteElo "2000"]
[BlackElo "2064"]
[PlyCount "107"]
[EventDate "2005.??.??"]
[EventType "corr"]
[EventRounds "2"]
[SourceDate "2004.06.03"]

1. e4 e6 2. d4 d5 3. Nd2 Nf6 4. e5 Nfd7 5. c3 c5 6. Ngf3 Nc6 7. Bd3 Be7 8. O-O
g5 9. b4 cxb4 10. cxb4 Nxb4 11. Bb1 g4 12. Ne1 h5 13. Nb3 Nb6 14. f3 g3 15.
hxg3 Nc4 16. f4 a5 17. a3 Nc6 18. a4 Qc7 19. Nf3 Bd7 20. Ng5 Qd8 21. Bd3 Qb6
22. Kh2 h4 23. g4 Nb4 24. Bb1 Qd8 25. Nh7 Qc7 26. f5 exf5 27. gxf5 Nc6 28. Ra2
f6 29. Nxf6+ Bxf6 30. Bf4 N6xe5 31. dxe5 Bxe5 32. Re2 O-O-O 33. Rxe5 h3 34. Qd4
hxg2+ 35. Kxg2 Rdg8+ 36. Kf2 Rh4 37. Re4 dxe4 38. Bxc7 e3+ 39. Ke2 Rg2+ 40. Kd3
Rxd4+ 41. Nxd4 Nb2+ 42. Kxe3 Kxc7 43. f6 Rg8 44. Ba2 Rf8 45. f7 Nxa4 46. Nf3
Kd6 47. Ng5 Nc3 48. Nh7 Ke7 49. Nxf8 Kxf8 50. Bc4 b5 51. Bd3 Nd5+ 52. Kd4 Ne7
53. Ke5 a4 54. Kd6 1-0

[Event "MCRE_CF04"]
[Site "?"]
[Date "2005.??.??"]
[Round "?"]
[White "Houska, Jiri"]
[Black "Binas, Jindrich"]
[Result "1-0"]
[WhiteElo "2000"]
[BlackElo "2114"]
[PlyCount "49"]
[EventDate "2005.??.??"]
[EventType "corr"]
[EventRounds "2"]
[SourceDate "2004.06.03"]

1. e4 c5 2. Nf3 Nc6 3. d4 cxd4 4. Nxd4 Nf6 5. Nc3 e5 6. Ndb5 d6 7. Bg5 a6 8.
Na3 b5 9. Nd5 Be7 10. Bxf6 Bxf6 11. c3 O-O 12. Nc2 Bg5 13. a4 bxa4 14. Rxa4 a5
15. Bc4 Rb8 16. Ra2 Kh8 17. Nce3 g6 18. h4 Bxh4 19. g3 Bf6 20. b3 Bg7 21. f4
exf4 22. gxf4 Re8 23. Rah2 h6 24. Qf3 Kg8 25. Qg2 1-0

[Event "MCRE_CF04"]
[Site "?"]
[Date "2005.??.??"]
[Round "?"]
[White "Houska, Jiri"]
[Black "Blecha, Miroslav"]
[Result "1-0"]
[WhiteElo "2000"]
[BlackElo "2200"]
[PlyCount "57"]
[EventDate "2005.??.??"]
[EventType "corr"]
[EventRounds "2"]
[SourceDate "2004.06.03"]

1. e4 c5 2. Nf3 e6 3. d4 cxd4 4. Nxd4 a6 5. Bd3 Nf6 6. O-O Qc7 7. Nc3 d6 8. f4
b5 9. Qf3 Bb7 10. Kh1 Nbd7 11. Bd2 Be7 12. Rae1 O-O 13. Qh3 Nc5 14. b4 Nxd3 15.
cxd3 Qd7 16. g4 Ne8 17. g5 d5 18. e5 Bxb4 19. f5 exf5 20. Nxf5 Bc8 21. Qh4 Bc5
22. d4 Be7 23. Re3 Nc7 24. Ref3 Qe6 25. Ne2 a5 26. Neg3 Ne8 27. Nh5 Kh8 28.
Nxe7 Qxe7 29. Nf6 1-0

[Event "MCRE_CF04"]
[Site "?"]
[Date "2005.??.??"]
[Round "?"]
[White "Houska, Jiri"]
[Black "Fric, Pavel"]
[Result "1-0"]
[WhiteElo "2000"]
[BlackElo "2000"]
[PlyCount "125"]
[EventDate "2005.??.??"]
[EventType "corr"]
[EventRounds "2"]
[SourceDate "2004.06.03"]

1. e4 c5 2. Nf3 d6 3. d4 cxd4 4. Nxd4 Nf6 5. Nc3 a6 6. Be3 e6 7. Be2 Qc7 8. a4
b6 9. f4 Bb7 10. Bf3 Nbd7 11. Qe2 Rc8 12. O-O Be7 13. g4 Nc5 14. Qg2 h6 15. g5
hxg5 16. fxg5 Nfd7 17. b4 Nb3 18. Nd5 exd5 19. cxb3 Ne5 20. Rac1 Qd7 21. exd5
Rh3 22. Nc6 Rxf3 23. Rxf3 Nxc6 24. dxc6 Rxc6 25. Re1 Rc3 26. Qh3 Qc6 27. Rg3
Rc2 28. Kf1 Qh1+ 29. Bg1 g6 30. Re2 Rxe2 31. Kxe2 Qe4+ 32. Be3 Qxb4 33. Bd2 Qc5
34. Rc3 Qe5+ 35. Kd1 a5 36. Qg3 f5 37. gxf6 Qxf6 38. Qg4 Bd5 39. Kc1 Be6 40.
Qf3 Qd4 41. Qc6+ Bd7 42. Qa8+ Kf7 43. Qf3+ Bf6 44. Rc7 Qa1+ 45. Kc2 Ke8 46.
Qa8+ Ke7 47. Qd5 Qa2+ 48. Kd3 Qb1+ 49. Ke2 Qg1 50. Bf4 Qg4+ 51. Qf3 Qxf3+ 52.
Kxf3 Ke6 53. Rc1 d5 54. Re1+ Kf7 55. Be5 Bd8 56. Rc1 Ke6 57. Bc7 Bxc7 58. Rxc7
Kd6 59. Rc1 b5 60. axb5 Bxb5 61. Ra1 Kc5 62. Rxa5 Kb4 63. Ra7 1-0

[Event "MCRE_CF04"]
[Site "?"]
[Date "2005.??.??"]
[Round "?"]
[White "Houska, Jiri"]
[Black "Janocko, Petr"]
[Result "1-0"]
[WhiteElo "2000"]
[BlackElo "2200"]
[PlyCount "61"]
[EventDate "2005.??.??"]
[EventType "corr"]
[EventRounds "2"]
[SourceDate "2004.06.03"]

1. e4 d5 2. exd5 Qxd5 3. Nc3 Qa5 4. d4 Nf6 5. Nf3 Bf5 6. Bd2 c6 7. Ne4 Qb6 8.
Nxf6+ gxf6 9. b4 e6 10. a3 Qc7 11. g3 Be4 12. Bg2 f5 13. O-O Nd7 14. Re1 Rg8
15. c4 O-O-O 16. c5 Nf6 17. Bf4 Qe7 18. Qa4 a6 19. Qb3 Nd5 20. Bd6 Qf6 21. Be5
Qe7 22. a4 Qd7 23. b5 cxb5 24. c6 bxc6 25. axb5 axb5 26. Ra5 Nb6 27. Qc3 Bd6
28. Ra6 Qb7 29. Rea1 b4 30. Qc1 b3 31. Bxd6 1-0

[Event "MCRE_CF04"]
[Site "?"]
[Date "2005.??.??"]
[Round "?"]
[White "Janocko, Petr"]
[Black "Bednarik, Radovan"]
[Result "1-0"]
[WhiteElo "2200"]
[BlackElo "2201"]
[PlyCount "67"]
[EventDate "2005.??.??"]
[EventType "corr"]
[EventRounds "2"]
[SourceDate "2004.06.03"]

1. d4 d5 2. c4 c6 3. Nf3 e6 4. Qc2 Nf6 5. Bg5 h6 6. Bh4 Qa5+ 7. Nbd2 Nbd7 8.
cxd5 cxd5 9. e3 Nb6 10. Bd3 Bd7 11. O-O Rc8 12. Qd1 Qb4 13. Rb1 Bd6 14. Qe2 O-O
15. a3 Qa4 16. Bxf6 gxf6 17. Nh4 f5 18. Qh5 Kh7 19. Kh1 Rg8 20. Nhf3 Rg7 21. g4
Bb5 22. Bxb5 Qxb5 23. g5 Qe8 24. gxh6 Rg6 25. Ng5+ Kh8 26. Rg1 Rf6 27. Ndf3 Nc4
28. h7 Qf8 29. Rg2 Qg7 30. Rbg1 Nxe3 31. fxe3 Rf8 32. Nxf7+ R6xf7 33. Nh4 Bg3
34. Rxg3 1-0

[Event "MCRE_CF04"]
[Site "?"]
[Date "2005.??.??"]
[Round "?"]
[White "Janocko, Petr"]
[Black "Berko, Michal"]
[Result "1/2-1/2"]
[WhiteElo "2200"]
[BlackElo "2064"]
[PlyCount "97"]
[EventDate "2005.??.??"]
[EventType "corr"]
[EventRounds "2"]
[SourceDate "2004.06.03"]

1. d4 Nf6 2. c4 e6 3. Nf3 d5 4. g3 dxc4 5. Bg2 Bb4+ 6. Bd2 Bd6 7. Qc2 O-O 8.
O-O Nbd7 9. Qxc4 Re8 10. Qc2 c6 11. Nc3 e5 12. Rad1 exd4 13. Nxd4 Be5 14. Nf3
Bc7 15. Rfe1 Ne5 16. Nxe5 Bxe5 17. e4 Be6 18. Be3 Qa5 19. f4 Bc7 20. h3 Rad8
21. e5 Nd5 22. Nxd5 Bxd5 23. Bxd5 Rxd5 24. Qc3 Qxc3 25. bxc3 f6 26. Rxd5 cxd5
27. exf6 Ba5 28. Kf2 Bxc3 29. Rd1 Bxf6 30. Rxd5 Re4 31. g4 Ra4 32. Rd2 g6 33.
g5 Ba1 34. Rd8+ Kf7 35. Rd2 Ke6 36. Kf3 Ra3 37. Ke4 b6 38. h4 Bg7 39. h5 Ra4+
40. Kf3 gxh5 41. Rh2 Kf5 42. Rxh5 Rxa2 43. Rxh7 Kg6 44. Rh1 Kf5 45. Rd1 Ra3 46.
Rd7 Bb2 47. Rf7+ Kg6 48. Rb7 Kf5 49. Rf7+ 1/2-1/2

[Event "MCRE_CF04"]
[Site "?"]
[Date "2005.??.??"]
[Round "?"]
[White "Janocko, Petr"]
[Black "Binas, Jindrich"]
[Result "1/2-1/2"]
[WhiteElo "2200"]
[BlackElo "2114"]
[PlyCount "47"]
[EventDate "2005.??.??"]
[EventType "corr"]
[EventRounds "2"]
[SourceDate "2004.06.03"]

1. d4 Nf6 2. c4 e6 3. Nf3 d5 4. g3 dxc4 5. Bg2 Nc6 6. Qa4 Bb4+ 7. Bd2 Nd5 8.
Bxb4 Ndxb4 9. O-O Rb8 10. Nc3 a6 11. Ne5 O-O 12. Bxc6 Nxc6 13. Nxc6 bxc6 14.
Qxc4 Qd6 15. e3 Rxb2 16. Rab1 Rb6 17. Rfd1 e5 18. dxe5 Qxe5 19. Rxb6 cxb6 20.
Qxc6 Be6 21. Rd4 Qb8 22. Nd5 Bxd5 23. Qxd5 Rc8 24. Qb3 1/2-1/2

[Event "MCRE_CF04"]
[Site "?"]
[Date "2005.??.??"]
[Round "?"]
[White "Janocko, Petr"]
[Black "Blecha, Miroslav"]
[Result "1-0"]
[WhiteElo "2200"]
[BlackElo "2200"]
[PlyCount "59"]
[EventDate "2005.??.??"]
[EventType "corr"]
[EventRounds "2"]
[SourceDate "2004.06.03"]

1. d4 Nf6 2. c4 g6 3. Nc3 Bg7 4. e4 d6 5. f3 O-O 6. Be3 e5 7. d5 c6 8. Bd3 cxd5
9. cxd5 Nh5 10. Nge2 f5 11. exf5 gxf5 12. O-O Kh8 13. f4 Nf6 14. h3 Na6 15. Ng3
e4 16. Bxa6 bxa6 17. Qa4 Qe7 18. Rad1 Rg8 19. Bd4 Rb8 20. Rf2 Qf7 21. Rc2 Qg6
22. Nce2 Rb5 23. Rc7 Bb7 24. b3 h6 25. Re7 Kh7 26. Kh2 Bc8 27. Rc1 Rb7 28. Bxf6
Qxf6 29. Rec7 Rxc7 30. Rxc7 1-0

[Event "MCRE_CF04"]
[Site "?"]
[Date "2005.??.??"]
[Round "?"]
[White "Janocko, Petr"]
[Black "Fric, Pavel"]
[Result "1/2-1/2"]
[WhiteElo "2200"]
[BlackElo "2000"]
[PlyCount "57"]
[EventDate "2005.??.??"]
[EventType "corr"]
[EventRounds "2"]
[SourceDate "2004.06.03"]

1. d4 Nf6 2. c4 e6 3. Nf3 d5 4. Nc3 dxc4 5. e4 Bb4 6. Bg5 c5 7. Bxc4 cxd4 8.
Nxd4 Qa5 9. Bd2 Qc5 10. Bb5+ Bd7 11. Nb3 Qb6 12. Bd3 Bc6 13. Qe2 Nbd7 14. e5
Nd5 15. O-O Nxc3 16. bxc3 Bc5 17. Bf4 Nf8 18. Rab1 Ng6 19. Bxg6 hxg6 20. Qc4
Be7 21. Nd4 Qc5 22. Qxc5 Bxc5 23. Nxc6 bxc6 24. Rb7 O-O 25. Rfb1 Bb6 26. Be3
Rfd8 27. c4 Bxe3 28. fxe3 Rd3 29. Rb8+ 1/2-1/2

[Event "MCRE_CF04"]
[Site "?"]
[Date "2005.??.??"]
[Round "?"]
[White "Janocko, Petr"]
[Black "Houska, Jiri"]
[Result "1-0"]
[WhiteElo "2200"]
[BlackElo "2000"]
[PlyCount "65"]
[EventDate "2005.??.??"]
[EventType "corr"]
[EventRounds "2"]
[SourceDate "2004.06.03"]

1. d4 Nf6 2. c4 g6 3. Nc3 Bg7 4. e4 O-O 5. Nf3 d6 6. Be2 e5 7. O-O Nc6 8. d5
Ne7 9. b4 a5 10. Ba3 axb4 11. Bxb4 Nd7 12. a4 Bh6 13. a5 f5 14. Bd3 Nf6 15. c5
fxe4 16. Nxe4 Nxe4 17. Bxe4 Bf5 18. Re1 Bxe4 19. Rxe4 Rf4 20. Rxf4 Bxf4 21. Qb3
Nf5 22. Re1 dxc5 23. Bxc5 Nd6 24. g3 e4 25. Nd4 Bd2 26. Rxe4 Qd7 27. Bxd6 cxd6
28. Qb2 Bxa5 29. Ne6 Rc8 30. Re3 Qf7 31. Ra3 b6 32. Rf3 Qe7 33. g4 1-0